| 000 | 00694nam a2200241 a 4500 | ||
|---|---|---|---|
| 008 | 951031s1993||||xo 0 cze c | ||
| 020 | _c59 | ||
| 040 |
_aSNK _bslo _cSNK _eAACR2 |
||
| 041 | 1 |
_aslo _heng |
|
| 044 |
_axo _cSK |
||
| 080 | _a784.66=850 | ||
| 080 | _a929 Prince | ||
| 100 | 1 |
_aDuffy, John W. _4aut |
|
| 245 | 1 | 0 |
_aPrince _bPrvní ilustrovaná biografie _cJohn W. Duffy ; Přel. Milan Jára |
| 260 |
_aBratislava _bChampagne avantgarde _c1993 _eMartin _fNeografia |
||
| 490 | 0 | _aGold Music Quality | |
| 500 | _aSazba TYPO setter | ||
| 600 | 1 |
_aPrince _2SNK |
|
| 700 | 1 |
_aJára, Milan _4trl |
|
| 765 | 0 | _tPrince - The First Illustrated Biography | |
| 958 | _aAAI | ||
| 958 | _aAOP | ||
| 999 |
_c15220 _d15220 |
||